02542cam a22003854i 4500003000900000005001700009008004100026035002000067040003300087100003900120245019000159264001000349300003900359336002100398337002500419338002300444502005900467504002700526520143500553526001001988526001001998526000902008526000902017526000902026526000902035526000902044526000902053526000902062526000802071526000802079526000802087526000802095526000802103650004502111PE-LiUPU20250731165440.0160623s2016 pe a grm 000 0 spa d a(Sirsi) a157481 aPE-LiUPUbspacPE-LiUPUerda1 aSilva Ruiz, Bertha Yahaira,eautor1 aSíndrome de Burnout y estrategias de afrontamiento del estrés en los profesionales de enfermería de una clínica privada de Lima Metropolitana, 2015 /cBertha Yahaira Silva Ruiz. 0c2015. a90 hojas : bilustraciones;c30 cm atext2rdacontent aunmediated2rdamedia avolume2rdacarrier aTesisb(Lic.) -- cUniversidad Peruana Unión,d2015. aIncluye bibliografía3 aEl objetivo del estudio fue determinar la relación entre las estrategias de afrontamiento de estrés y el síndrome de Burnout en los profesionales de enfermería en una clínica de Lima-Metropolitana, 2015. Estudio de diseño no experimental y de corte transversal. De tipo descriptivo y correlacional. Se utilizó el cuestionario de Maslach Burnout Inventory y el cuestionario de afrontamiento del estrés (CAE). Los resultados indican que no existe relación estadística significativa, entre el síndrome de Burnout y las estrategias de afrontamiento al estrés, según la prueba estadística Rho de Spearman (p>0.05). En cuanto a la dimensión agotamiento emocional, se encontró que existe relación significativa (p>0.05) con las estrategias de afrontamiento: focalizado en la solución del problema (rp=0.00, p>0.05); para auto focalización negativa (rp=0, p>=0.05); para expresión emocional abierta (rp=0.00, p>0.05), y búsqueda de apoyo social (rp=0.00, p>0.05). De igual manera para la dimensión realización personal, se encontró que existe relación significativa (p>0.05) con las estrategias de afrontamiento: focalizado en la solución del problema (rp=0.00, p>0.05), auto focalización negativa ((rp=0, p>0.05) y expresión emocional abierta (rp=0.04, p>0.05). Se encontró que no existe relación entre las variables, las variables son independientes en la realidad analizada. aSEG44 aSEG26 aP151 aP150 aP149 aP146 aP145 aP126 aP125 aP92 aP75 aP74 aP27 aP1504aEstrés laboralxSíndrome de Burnout.